| 000 | 01278cam a22002893a 4500 | ||
|---|---|---|---|
| 001 | 16203 | ||
| 003 | PGUSA | ||
| 005 | 20140828083339.0 | ||
| 008 | 050704s2005||||xxu|||||s|||||000 | eng d | ||
| 040 |
_aPGUSA _beng |
||
| 042 | _adc | ||
| 050 | 4 | _aDS | |
| 245 | 1 | 4 |
_aThe Philippine Islands, 1493-1898 — Volume 21 of 55 : _b1624 Explorations by early navigators, descriptions of the islands and their peoples, their history and records of the catholic missions, as related in contemporaneous books and manuscripts, showing the political, economic, commercial and religious conditions of those islands from their earliest relations with European nations to the close of the nineteenth century. _h[electronic resource] |
| 260 |
_bProject Gutenberg, _c2005 |
||
| 506 | _aPublic domain in the USA. | ||
| 516 | _aElectronic text | ||
| 653 | _aDemarcation line of Alexander VI | ||
| 653 | _aPhilippines -- Discovery and exploration | ||
| 653 | _aPhilippines -- History -- Sources | ||
| 653 | _aMissions -- Philippines | ||
| 700 | 1 |
_aRobertson, James Alexander, _d1873-1939 |
|
| 700 | 1 |
_aBlair, Emma Helen, _d-1911 |
|
| 700 | 1 |
_aBourne, Edward Gaylord, _d1860-1908 |
|
| 830 | 0 |
_aProject Gutenberg _v16203 |
|
| 856 | 4 | 0 | _uhttp://www.gutenberg.org/ebooks/16203 |
| 942 | _cEB | ||
| 999 |
_c245458 _d245458 |
||